000 00993nam a2200217Ia 4500
003 Ost
005 20260507075558.0
008 260507s9999||||xx |||||||||||||| ||und||
040 _cfsecg
041 _aara
082 _a330
100 _aسرية، عصام نور
_eمؤلف
245 0 _aالعولمة و أثرها في المجتمع الاسلامي /
_c عصام نور سرية
260 _aالاسكندرية:
_bمؤسسة شباب الجامعة,
_c2005
300 _a119 صفحة؛
_c24 سم
504 _aمراجع ص.115
520 _aالعولمة و حملات التغريب الموجهة ضد الاسلام اضافة الى ادوات العولمة و منطلقاتها في المجتمع الاسلامي , و كذا العولمة الامريكية و محاولة الهيمنة على الخليج و اخيرا تصفية الوجود الاسلامي.
653 _aالعولمة
653 _aالمجتمع الاسلامي
942 _cكتاب
999 _c44979
_d44979